| 000 | 01229nac a22003011i 4500 | ||
|---|---|---|---|
| 003 | EG-ScBUE | ||
| 005 | 20241029091131.0 | ||
| 008 | 241022t2005 njua f b 001 0 eng d | ||
| 020 | _a0471698334 (cloth) | ||
| 020 | _a9780471698333 | ||
| 040 |
_aEG-ScBUE _beng _erda _cEG-ScBUE _dEG-ScBUE |
||
| 082 | 0 | 4 |
_a518 _bAPP _222 |
| 245 | 0 | 0 |
_aApplied numerical methods using MATLAB / _cWon Young Yang, Chung-Ang University, Korea [and three others] |
| 264 | 1 |
_aHoboken, N.J. : _bWiley-Interscience, _c[2005] |
|
| 264 | 4 | _cc2005 | |
| 300 |
_axiv, 509 pages : _billustrations ; _c25 cm |
||
| 336 |
_2rdacontent _atext _btxt |
||
| 337 |
_aunmediated _2rdamedia _bn |
||
| 338 |
_avolume _bnc _2rdacarrier |
||
| 504 | _aIncludes bibliographical references and index. | ||
| 650 | 7 |
_aNumerical analysis _xData processing. _2BUEsh |
|
| 655 | _vReading book | ||
| 700 | 1 |
_a Yang, Wŏn-yŏng, _d1953- _eeditor. |
|
| 856 | 4 | 1 |
_3Table of contents only _uhttp://www.loc.gov/catdir/toc/ecip0418/2004013108.html |
| 856 | 4 | 1 |
_3Contributor biographical information _uhttp://www.loc.gov/catdir/enhancements/fy0616/2004013108-b.html |
| 856 | 4 | 1 |
_3Publisher description _uhttp://www.loc.gov/catdir/enhancements/fy0616/2004013108-d.html |
| 942 |
_cBB _2ddc |
||
| 999 |
_c1326 _d1326 |
||